000 00760cam a22002533a 4500
001 18224
003 PGUSA
005 20140828083404.0
008 060421s2006||||xxu|||||s|||||000 1 eng d
040 _aPGUSA
_beng
042 _adc
050 4 _aPS
100 1 _aDoctorow, Cory,
_d1971-
245 1 0 _aSomeone Comes to Town, Someone Leaves Town
_h[electronic resource] /
_cCory Doctorow
260 _bProject Gutenberg,
_c2006
506 _aCopyrighted. Read the copyright notice inside this book for details.
516 _aElectronic text
653 _aInternet -- Fiction
653 _aToronto (Ont.) -- Fiction
653 _aScience fiction
830 0 _aProject Gutenberg
_v18224
856 4 0 _uhttp://www.gutenberg.org/ebooks/18224
942 _cEB
999 _c247479
_d247479